US Counties with Saint Names - Statistics

General Stats
  • This quiz has been taken 34 times
  • The average score is 21 of 38
Answer Stats
State Frequency County % Correct
California 1 San Diego
87%
California 1 San Francisco
87%
California 1 San Luis Obispo
87%
Missouri 2 St. Louis
87%
Louisiana 1 St. Mary
83%
Maryland 1 St. Mary's
80%
New Mexico 4 San Juan
77%
California 1 San Mateo
70%
Indiana 2 St. Joseph
70%
California 1 Santa Barbara
67%
California 2 Santa Cruz
67%
Missouri 2 St. Charles
67%
Florida 1 St. Johns
67%
Louisiana 1 St. John the Baptist
67%
California 1 San Bernardino
63%
California 1 Santa Clara
63%
New Mexico 1 Santa Fe
60%
Arkansas 1 St. Francis
60%
Missouri 1 St. Francois
60%
Louisiana 1 St. James
57%
Wisconsin 1 St. Croix
53%
California 1 San Joaquin
50%
New Mexico 2 San Miguel
50%
Texas 1 San Augustine
43%
California 1 San Benito
43%
Florida 1 Santa Rosa
43%
Louisiana 1 St. Bernard
43%
Illinois 4 St. Clair
40%
New York 1 St. Lawrence
40%
Louisiana 1 St. Tammany
40%
Louisiana 1 St. Helena
37%
Louisiana 1 St. Landry
37%
Louisiana 1 St. Martin
37%
Texas 1 San Patricio
33%
Missouri 1 Ste. Genevieve
33%
Texas 1 San Jacinto
30%
Florida 1 St. Lucie
30%
Texas 1 San Saba
27%
No matching quizzes found
Score Distribution
Percent of People with Each Score
Percentile by Number Answered
Your Score History
You have not taken this quiz